[Event "Niedersachsen-ch Seniors op 11th"]
[Site "Bad Bevensen"]
[Date "2008.07.15"]
[Round "8"]
[White "Brockmeyer, Helga"]
[Black "Buchholz, Willi"]
[Result "1-0"]
[WhiteElo "1242"]
[BlackElo "1048"]
[PlyCount "20"]
[EventDate "2008.07.08"]
[EventType "swiss"]
[EventRounds "9"]
[EventCountry "GER"]
[SourceTitle "EXT 2022"]
[Source "ChessBase"]
[SourceDate "2021.10.06"]
[SourceVersion "1"]
[SourceVersionDate "2021.10.06"]
[SourceQuality "1"]

1. d4 f5 2. f4 e6 3. e3 d5 4. Nf3 Nc6 5. c3 Nf6 6. Bb5 Bd7 7. Bxc6 Bxc6 8. Ne5 Qd6 9. Nd2 g6 10. Ndf3 Ne4 1-0

[Event "Niedersachsen-ch Seniors op 09th"]
[Site "Bad Bevensen"]
[Date "2006.07.01"]
[Round "8"]
[White "Buchholz, Willi"]
[Black "Henniges, Erhard"]
[Result "0-1"]
[WhiteElo "1031"]
[BlackElo "1368"]
[PlyCount "86"]
[EventDate "2006.06.24"]
[EventType "swiss"]
[EventRounds "9"]
[EventCountry "GER"]
[SourceTitle "EXT 2022"]
[Source "ChessBase"]
[SourceDate "2021.10.06"]
[SourceVersion "1"]
[SourceVersionDate "2021.10.06"]
[SourceQuality "1"]

1. e4 e5 2. Nc3 Nf6 3. Bc4 c6 4. Nf3 d5 5. exd5 cxd5 6. Bb5+ Nc6 7. Bxc6+ bxc6 8. Nxe5 Qc7 9. d4 Bd6 10. Bf4 Ba6 11. Qd2 0-0 12. 0-0-0 Rfe8 13. Rhe1 Rab8 14. Qe3 Ng4 15. Qg3 Nf6 16. Qf3 Qb7 17. Na4 Ne4 18. Re3 Qc7 19. g3 Qa5 20. b3 Ba3+ 21. Kb1 Qxa4 22. Nd3 Qa5 23. Bxb8 Rxb8 24. Ne5 Qc7 25. Qf4 Bb4 26. Nxc6 Qxf4 27. gxf4 Bd6 28. Nxb8 Bxb8 29. c4 Bxf4 30. Rh3 Nxf2 31. Rf3 Nxd1 32. Rxf4 dxc4 33. Kc2 Ne3+ 34. Kb2 cxb3 35. axb3 Nd5 36. Rf5 Bb7 37. Ka3 f6 38. b4 a6 39. Ka4 g6 40. Rf1 Kf7 41. Rc1 Ke6 42. Re1+ Kd6 43. Re8 Bc6+ 0-1

[Event "Niedersachsen-ch Seniors op 09th"]
[Site "Bad Bevensen"]
[Date "2006.06.24"]
[Round "1"]
[White "Buchholz, Willi"]
[Black "Hartmann, Rudi"]
[Result "0-1"]
[WhiteElo "1031"]
[BlackElo "1717"]
[PlyCount "26"]
[EventDate "2006.06.24"]
[EventType "swiss"]
[EventRounds "9"]
[EventCountry "GER"]
[SourceTitle "EXT 2022"]
[Source "ChessBase"]
[SourceDate "2021.10.06"]
[SourceVersion "1"]
[SourceVersionDate "2021.10.06"]
[SourceQuality "1"]

1. e4 c5 2. Bc4 d6 3. Nf3 e6 4. Nc3 Nf6 5. d3 a6 6. a3 Be7 7. e5 dxe5 8. Nxe5 Nbd7 9. d4 cxd4 10. Qxd4 Bc5 11. Qf4 Bd6 12. Qg3 Bxe5 13. Qxg7 Rf8 0-1